Регионална библиотека "Любен Каравелов" - Русе

Южнославянският пансион на Т. Н. Минков в Николаев (Запис номер 205097)

MARC детайли
000 -Лидер
Контролно поле с фиксирана дължина 03023nam a2200589 c 4500
003 - Код на организацията, давaща контролен номер
Контролно поле BLK
005 - Дата и час на последна редакция
Контролно поле 20240709162251.0
008 - Елементи от данни с фиксирана дължина
fixed length control field 180411b bul|||||r ||||||| ||bul||
010 ## - Наследен системен номер
LC control number KNG00214698000
020 ## - Международен стандартен номер на книга ISBN
Международен стандартен номер на книга ISBN 978-617-534-396-8
040 ## - Източник на каталожния запис
Идентификатор на билиотеката - собственик на записа BLK
041 ## - Код за език
Код за езика на текст/звукозапис или на отделно заглавие Български
Код за езика КДБФ Български
072 #7 - Код за тематичната категория
Код организация bullib
Код за тематична категория Н37
Текст Образование. Педагогика Н
080 ## - УДК
Текстов определител УДК Възпитание и обучение в домове (общежития). Интернати, пансиони.
УДК код - определител по УДК 37.018.3
УДК определител (470-21=86)(091)(093.3)
УДК - код + определител 37.018.3(470-21=86)(091)(093.3)
080 ## - УДК
Текстов определител УДК Ръководство. Учители. Друг персонал
УДК код - определител по УДК 37.091.113
УДК определител (497.2)(092)
УДК - код + определител 37.091.113(497.2)(092)
080 ## - УДК
Текстов определител УДК Бележит български възрожденец, железопътен инженер, български и руски просветен деец, общественик, публицист, дарител, руски офицер
УДК код - определител по УДК 929 Минков, Тодор Николаевич
УДК - код + определител 929 Минков, Тодор Николаевич
100 1# - Редна дума - Автор
Автор Абрашев, Петър Пенчов
Авторска отговорност първи автор
R(LIN) 246509
139 ## - Редно поле
Редна дума Абрашев, Петър Пенчов
Авторски знак Абд - А 13
245 10 - Сведения за заглавието
Заглавие Южнославянският пансион на Т. Н. Минков в Николаев
Подзаглавни данни Спомени
Редно поле (дума) Петър Пенчов Абрашев.
250 ## - Област на изданието
Сведения за изданието Фототип. изд.
257 ## - Страна на издаване
Страна на създаване/издаване България
260 ## - Област на издателските данни
Име на издателя, разпространителя и проч. Илион
Година на издаване 2017
300 ## - Физическа характеристика
Страници 129 с.
Илюстрации и др. със сн.
Размери/Мащаб 25 см
380 ## - Жанр
Жанр История
500 ## - Общи забележки
Забележка Фототип. изд. на кн. Южнославянския пансион на Т. Н. Минкова в Николаев : спомени / Петър Пенчов Абрашев, София, Придворна печ., 1909.
600 #0 - Име на лице, използвано като предмет
За него / За нея Минков, Тодор Николаевич
Свързани дати 1830-1906
9 (RLIN) 337346
650 #4 - Допълнително описание по предмет – тема
Основно описание – тема или топоним Минков, Тодор Николаевич
9 (RLIN) 337346
650 #4 - Допълнително описание по предмет – тема
Основно описание – тема или топоним Образование и просвета - Русия
9 (RLIN) 319950
650 #4 - Допълнително описание по предмет – тема
Основно описание – тема или топоним Славяни, южни - образование и просвета - Русия - история
9 (RLIN) 350585
650 #4 - Допълнително описание по предмет – тема
Основно описание – тема или топоним Русия - възпитание
9 (RLIN) 350586
650 #4 - Допълнително описание по предмет – тема
Основно описание – тема или топоним Българи - в Русия
9 (RLIN) 294947
650 #4 - Допълнително описание по предмет – тема
Основно описание – тема или топоним Учители, български - през Възраждането
9 (RLIN) 256541
651 #4 - Допълнително описание по предмет - топоним
Географско понятие Николаев
9 (RLIN) 179268
651 #4 - Допълнително описание по предмет - топоним
Географско понятие Украйна
9 (RLIN) 179705
651 #4 - Допълнително описание по предмет - топоним
Географско понятие Русия
9 (RLIN) 179465
653 ## - Ключова дума – ненормативна
Ключова дума обучение в чужбина
653 ## - Ключова дума – ненормативна
Ключова дума образование
653 ## - Ключова дума – ненормативна
Ключова дума Тодор Минков
653 ## - Ключова дума – ненормативна
Ключова дума просветители
653 ## - Ключова дума – ненормативна
Ключова дума Възраждане
653 ## - Ключова дума – ненормативна
Ключова дума българи в чужбина
653 ## - Ключова дума – ненормативна
Ключова дума спомени
659 ## - Тематичен бюлетин
Тематичен бюлетин Н
852 ## - Местоположение
Форматна сигнатура Цб 288402
852 ## - Местоположение
Форматна сигнатура К 37/А 13 П
856 4# - Електронен адрес и достъп
Електронен формат pdf - файл
856 4# - Електронен адрес и достъп
Електронен формат pdf - файл
999 ## - СИСТЕМНИ КОНТРОЛНИ НОМЕРА
Koha biblionumber 205097
Koha biblioitemnumber 205097
942 ## - АРТИКУЛИ
Вид на библиотечния материал Книги
Скрит в OPAC Не
Периодичен библиозапис Да
944 ## - СЪЗДАВАНЕ И РЕДАКЦИЯ на ЗАПИСА
Създаване/Редакция Създаване
Дата на регистрацията/редакция 28.11.2017
Служител, извършил регистрацията/редакцията 30542
Статус, дата на статуса Русанова Ирена
944 ## - СЪЗДАВАНЕ И РЕДАКЦИЯ на ЗАПИСА
Създаване/Редакция Редакция
Дата на регистрацията/редакция 05.12.2017
Служител, извършил регистрацията/редакцията Людмила_Стоянова
999 ## - СИСТЕМНИ КОНТРОЛНИ НОМЕРА
Koha biblioitemnumber 205097
Наличности
Код за отписване Код за изгубен артикул Код за повреда Коз за рестрикции Код за отдаване Артикулен № Име на библиотеката - собственик Име на библиотеката, в която се намира в момента Статус (Текущо местоположение) Дата на вписване в системата Местоположение - отдел Цена в лева Инвентарен номер Систематично азбучна сигнатура Баркод Номер на екземпляра Цена в евро Служебна бележка Служебен тип на артикула Източник на класификационната схема
  Не е изгубен Не е повреден без рестрикции ползва се в читалня 353252 Регионална библиотека "Любен Каравелов" Русе Регионална библиотека "Любен Каравелов" Русе Хранилище 2017-11-29 Основен фонд - ползва се само за читалня 25.00 120000817468 Цб 288402 120000817468 1 12.78 Дост: DA Вид: А N: 41 Дата: 29.11.2017 Книги  
  Не е изгубен Не е повреден без рестрикции ползва се в читалня 353253 Регионална библиотека "Любен Каравелов" Русе Регионална библиотека "Любен Каравелов" Русе Краезнание 2017-11-29 Краезнание 25.00 120000817469 К 37/А 13 П 120000817469 2 12.78 Дост: DA Вид: А N: 41 Дата: 29.11.2017 Книги Universal Decimal Classification
Vip Innovations Ltd, Rousse, Bulgaria 2025